El español lengua de especialidad : enseñanza y aprendizaje /

Bibliographic Details
Main Author: Gómez de Enterría, Josefa (Author)
Format: Electronic eBook
Language:Spanish
Published: Madrid : Arco/Libros, S. L., [2008]
Series:Manuales de formación de profesores de español 2/L.
Subjects:
Online Access:Digitalia Hispánica

MARC

LEADER 00000nam a2200000Ii 4500
001 DIGARCOL0273
003 NyNyDIG
006 m o d
007 cr |||||||||||
008 241001s2008 sp ob 000 0 spa d
035 |a (OCoLC)1459767008 
040 |a DGITA  |b eng  |e rda  |e pn  |c DGITA 
020 |z 9788476357408 
050 1 4 |a PC4583 ebook 
100 1 |a Gómez de Enterría, Josefa,  |e author. 
245 1 3 |a El español lengua de especialidad :  |b enseñanza y aprendizaje /  |c Josefa Gómez de Enterría Sánchez. 
264 1 |a Madrid :  |b Arco/Libros, S. L.,  |c [2008] 
300 |a 1 online resource. 
336 |a text  |b txt  |2 rdacontent 
337 |a computer  |b c  |2 rdamedia 
338 |a online resource  |b cr  |2 rdacarrier 
347 |a text file  |2 rdaft 
347 |b PDF 
490 1 |a Manuales de formación de profesores de español 2/L  
504 |a Includes bibliographical references. 
588 0 |a Online resource; title from PDF title page (Digitalia, viewed October 1, 2024) 
650 0 |a Spanish language  |x Technical Spanish. 
791 2 |a Digitalia (Firm),  |e distributor. 
793 0 |g Digitalia eBook Collection:  |a Arco/Libros 
776 0 8 |i Print version:  |a Gómez de Enterría, Josefa.  |t Español lengua de especialidad.  |d Madrid : Arco/Libros, S. L., [2008]  |z 9788476357408 
830 0 |a Manuales de formación de profesores de español 2/L.  
856 4 0 |3 Digitalia Hispánica  |u https://www.digitaliapublishing.com/a/138250/ 
910 |a Premium collection: 2024